| 000 | 01055 a2200217 4500 | ||
|---|---|---|---|
| 001 | 60980 | ||
| 005 | 20260407155900.0 | ||
| 008 | 260407a1983 arg spa d | ||
| 003 | AR-UNSa-BCEJYS | ||
| 040 |
_aAR-UNSa-BCEJYS _bspa _cAR-UNSa-BCEJYS |
||
| 080 |
_a351.816 _xSupervisión del correo. Administración de correos. Normas sobre el correo |
||
| 245 | 1 | 0 | _aRégimen jurídico del servicio de correos |
| 020 | _a978-84-7351-161-2 | ||
| 264 | 1 |
_aMadrid : _bInstituto Nacional de Administración Pública (INAP) _c1983 |
|
| 300 |
_a430 p. _c21 cm. |
||
| 505 | _a1. Aproximación histórica – 2. La legislación postal – 3. Aspectos generales del régimen jurídico del correo – 4. La administración postal – 5. La posición jurídica del usuario – 6. Inviolabilidad de la correspondencia y servicio de correos – 7. Responsabilidad de la Administración Postal por daños causados a los usuarios – 8. Las tarifas postales. | ||
| 041 | _aspa | ||
| 942 | _cBK | ||
| 590 | _aniveau_biblio:m niveau_hierar:0 | ||
| 100 | 1 | _aPeman Gavin, Juan | |
| 999 |
_c7170 _d7170 |
||